هنري فورد : تاريخ حياته
محفوظ في:
المؤلف الرئيسي:
مؤلفون آخرون:
التنسيق: كتاب
اللغة: Undetermined
منشور في:
Cairo
Matbaa Misr
1950
الوسوم: إضافة وسم
لا توجد وسوم, كن أول من يضع وسما على هذه التسجيلة!
رقم الطلب: A99 SIMO
| LEADER | 00415nam a2200133Ia 4500 | ||
|---|---|---|---|
| 008 | 240404s9999||||xx |||||||||||||| ||und|| | ||
| 050 | 4 | |a A99 SIMO | |
| 100 | 1 | |a سيمونز، وليام آدمز, إ. | |
| 245 | 1 | 0 | |a هنري فورد : تاريخ حياته |c سيمونز، وليام آدمز, إ |
| 264 | 1 | |a Cairo |b Matbaa Misr |c 1950 | |
| 300 | |a 156 |c 18 | ||
| 700 | 1 | |a سلام، علي،,. | |
| 942 | |2 lcc |c BK | ||
| 999 | |c 57975 |d 57975 | ||
